Visualizzazione normale
Vista MARC
- Cueva de Altamira (Cantabria, España)
di Geographic Name
Records bibliografici associati: 2
001 - CONTROL NUMBER
- control field: 54978
003 - CONTROL NUMBER IDENTIFIER
- control field: IT-RoINE
005 - DATE AND TIME OF LATEST TRANSACTION
- control field: 20181129114128.0
008 - FIXED-LENGTH DATA ELEMENTS
- fixed length control field: 181129|| aca||aabn | a|a d
040 ## - CATALOGING SOURCE
- Original cataloging agency: IT-RoINE
- Transcribing agency: IT-RoINE
151 ## - HEADING--GEOGRAPHIC NAME
- Geographic name: Cueva de Altamira (Cantabria, España)
670 ## - SOURCE DATA FOUND
- Source citation: Work cat.: (IT-RoINE)23960: Carballo, Jesús 47480, El descubrimiento de la cueva y pinturas de Altamira /, 1950.